Capitais de estados do Brasil em 1960 - Statistics

Estatísticas Gerais
  • Esse quiz foi jogado 110 vezes
  • A pontuação média é 24 de 27
Respostas no mapa
Respostas codificadas por cores de uma escala verde-vermelha no mapa do quiz de acordo com a % correta abaixo.
 
Estatísticas das Respostas
Província % Correto
Rio de Janeiro
99%
Salvador
96%
Rio Branco
95%
Belo Horizonte
94%
São Paulo
94%
Belém
93%
Fortaleza
93%
Goiânia
93%
Macapá
93%
Manaus
93%
São Luís
93%
Vitória
93%
Brasília
91%
Cuiabá
91%
Curitiba
91%
Florianópolis
91%
Recife
91%
Porto Alegre
90%
Teresina
89%
Porto Velho
88%
João Pessoa
86%
Natal
86%
Aracaju
84%
Boa Vista
83%
Maceió
83%
Niterói
67%
Vila dos Remédios
19%
Nenhum quiz correspondente encontrado
Distribuição das Pontuações
Porcentagem de Pessoas com Cada Pontuação
Percentil de Números Respondidos
Sua Pontuação Histórica
Você não jogou esse quiz